[Event "X Festival Sant'Anna A"]
[Site "Pisignano - Vernole ITA"]
[Date "2007.08.09"]
[Round "4"]
[White "Elia, Alessio"]
[Black "Fiorentino, Maria Cristina"]
[Result "1-0"]
[WhiteElo "1895"]
[BlackElo "1666"]
[PlyCount "60"]
[EventDate "2007.08.07"]

1. d4 Nf6 2. Nf3 d5 3. Bg5 c6 4. c3 Nbd7 5. e3 e6 6. Bd3 Bd6 7. Nbd2 O-O 8. e4
e5 9. dxe5 Nxe5 10. Nxe5 Bxe5 11. O-O Qb6 12. Qc2 Ng4 13. Nf3 h6 14. Bh4 dxe4
15. Bxe4 f5 16. Bd3 Qc7 17. Nxe5 Nxe5 18. f3 Nxd3 19. Qxd3 Qb6+ 20. Bf2 Qxb2
21. Bc5 Re8 22. Rfe1 Kh7 23. Rxe8 Qxa1+ 24. Kf2 Qxa2+ 25. Kg3 b6 26. Rxc8 Rxc8
27. Qxf5+ g6 28. Qd7+ Kg8 29. Qxc8+ Kf7 30. Qf8+ Ke6 1-0

[Event "X Festival Sant'Anna A"]
[Site "Pisignano - Vernole ITA"]
[Date "2007.08.09"]
[Round "4"]
[White "Fontanarosa, Luca"]
[Black "Del Giudice, Stefano"]
[Result "0-1"]
[WhiteElo "1817"]
[BlackElo "2030"]
[PlyCount "82"]
[EventDate "2007.08.07"]

1. e4 c5 2. Nf3 Nc6 3. d4 cxd4 4. Nxd4 Qb6 5. Nb3 Nf6 6. Nc3 e6 7. Be3 Qc7 8.
f4 d6 9. Bd3 a6 10. Qf3 Be7 11. g4 b5 12. g5 Nd7 13. O-O-O Bb7 14. Nd4 Nxd4 15.
Bxd4 e5 16. Be3 exf4 17. Qxf4 Ne5 18. Nd5 Bxd5 19. exd5 Rc8 20. Bf5 Rd8 21.
Rhf1 Qc4 22. Kb1 Qxf4 23. Bxf4 g6 24. Bh3 O-O 25. Rfe1 f6 26. Be6+ Kg7 27.
gxf6+ Bxf6 28. Rf1 g5 29. Bc1 Be7 30. Bd2 Bf6 31. Rf5 h6 32. Rdf1 Nc4 33. Bc1
a5 34. b3 Rb8 35. Rxf6 Rxf6 36. Rxf6 Kxf6 37. bxc4 bxc4+ 38. Bb2+ c3 39. a4
Rxb2+ 40. Kc1 Rb4 41. Bd7 Ke5 0-1

[Event "X Festival Sant'Anna A"]
[Site "Pisignano - Vernole ITA"]
[Date "2007.08.09"]
[Round "4"]
[White "Laketic, Gojko"]
[Black "Isonzo, David"]
[Result "1/2-1/2"]
[WhiteElo "2430"]
[BlackElo "2356"]
[PlyCount "25"]
[EventDate "2007.08.07"]

1. d4 Nf6 2. Nf3 d5 3. c4 dxc4 4. e3 e6 5. Bxc4 c5 6. O-O a6 7. a4 Nc6 8. Qe2
Qc7 9. Nc3 Bd6 10. Rd1 O-O 11. Bd2 Bd7 12. Rac1 Rfd8 13. dxc5 1/2-1/2

[Event "X Festival Sant'Anna A"]
[Site "Pisignano - Vernole ITA"]
[Date "2007.08.09"]
[Round "4"]
[White "Limongelli, Sergio"]
[Black "Della Rocca, Luigi"]
[Result "1-0"]
[WhiteElo "1982"]
[BlackElo "1832"]
[PlyCount "149"]
[EventDate "2007.08.07"]

1. e4 c5 2. Nf3 Nc6 3. d4 cxd4 4. Nxd4 Nf6 5. Nc3 g6 6. Bc4 Bg7 7. Be3 Qa5 8.
Nb3 Qd8 9. O-O O-O 10. f4 d6 11. h3 a6 12. Be2 b5 13. Bf3 Qc7 14. Qd2 Bb7 15.
Rad1 Rac8 16. Nd5 Nxd5 17. exd5 Nd8 18. c3 Ba8 19. f5 Nb7 20. fxg6 hxg6 21. Bh6
Na5 22. Bxg7 Kxg7 23. Nxa5 Qxa5 24. a3 Qb6+ 25. Kh1 Bb7 26. Qg5 Rc7 27. Rd2 f6
28. Qg3 Rh8 29. Re2 Qc5 30. Rfe1 Kf7 31. Be4 Rh6 32. Qf4 Rh5 33. Bf3 Rh8 34.
Qd2 Bc8 35. Re3 Bf5 36. Qe2 Re8 37. Qd2 Qc4 38. Be4 Bxe4 39. Rxe4 Qc5 40. Qh6
f5 41. Re6 Rg8 42. Qh7+ Rg7 43. Rxe7+ Rxe7 44. Rxe7+ Kxe7 45. Qxg7+ Kd8 46. Qd4
Qxd4 47. cxd4 b4 48. axb4 Kc7 49. h4 Kb6 50. Kh2 Kb5 51. Kg3 Kxb4 52. Kf4 Kb3
53. Kg5 Kxb2 54. Kxg6 a5 55. h5 a4 56. h6 a3 57. h7 a2 58. h8=Q a1=Q 59. Qb8+
Kc2 60. Qc8+ Kd2 61. Qxf5 Qxd4 62. g4 Qb6 63. g5 Qd8 64. Qe6 Kd3 65. Kh6 Qh8+
66. Kg6 Qd8 67. Qf7 Kc4 68. Qe6 Kc5 69. Kf5 Qh8 70. g6 Qg7 71. Kg5 Qd4 72. Qf5
Qg7 73. Qf6 Qg8 74. g7 Qe8 75. Qc3+ 1-0

[Event "X Festival Sant'Anna A"]
[Site "Pisignano - Vernole ITA"]
[Date "2007.08.09"]
[Round "4"]
[White "Naumkin, Igor"]
[Black "Dragojlovic, Andjelko"]
[Result "1-0"]
[WhiteElo "2490"]
[BlackElo "2432"]
[PlyCount "55"]
[EventDate "2007.08.07"]

1. d4 Nf6 2. c4 g6 3. Nc3 d5 4. Nf3 Bg7 5. Qb3 dxc4 6. Qxc4 O-O 7. e4 a6 8. Qb3
c5 9. dxc5 Nbd7 10. c6 bxc6 11. Be2 Qc7 12. O-O c5 13. h3 Bb7 14. e5 Ne8 15. e6
fxe6 16. Ng5 Kh8 17. Nxe6 Qc6 18. f3 Nd6 19. Nxg7 Kxg7 20. Re1 c4 21. Qa4 Qxa4
22. Nxa4 Bc6 23. Nc3 Rab8 24. b3 cxb3 25. axb3 Nc5 26. Be3 Nxb3 27. Rxa6 Nf5
28. Bf4 1-0

[Event "X Festival Sant'Anna A"]
[Site "Pisignano - Vernole ITA"]
[Date "2007.08.09"]
[Round "4"]
[White "Pace, Colin"]
[Black "Fasiello, Andrea"]
[Result "1-0"]
[WhiteElo "2153"]
[BlackElo "1906"]
[PlyCount "61"]
[EventDate "2007.08.07"]

1. e4 e5 2. Nf3 Nc6 3. Bc4 Bc5 4. c3 Nf6 5. d3 d6 6. Nbd2 O-O 7. h3 h6 8. Bb3
Qe7 9. Nf1 Kh7 10. Ng3 a5 11. O-O g6 12. Re1 Kg7 13. d4 Ba7 14. Be3 Nb8 15. c4
b6 16. Qd2 Rh8 17. Ba4 Bb7 18. Rad1 Na6 19. Qc3 exd4 20. Bxd4 c5 21. Bxf6+ Qxf6
22. Qxf6+ Kxf6 23. Rxd6+ Kg7 24. Red1 Rhc8 25. Rd7 Bc6 26. Bxc6 Rxc6 27. Rxf7+
Kxf7 28. Ne5+ Kf6 29. Nxc6 Bb8 30. Rd8 Kf7 31. Ne2 1-0

[Event "X Festival Sant'Anna A"]
[Site "Pisignano - Vernole ITA"]
[Date "2007.08.09"]
[Round "4"]
[White "Patavia, Antonio"]
[Black "Parrella, Alfredo"]
[Result "1/2-1/2"]
[WhiteElo "2079"]
[BlackElo "2137"]
[PlyCount "62"]
[EventDate "2007.08.07"]

1. e4 d5 2. exd5 Qxd5 3. Nc3 Qd6 4. d4 Nf6 5. Bc4 c6 6. Nge2 Bf5 7. O-O e6 8.
Bf4 Qd8 9. Ng3 Bg6 10. Re1 Be7 11. Nce4 Nxe4 12. Nxe4 O-O 13. c3 a5 14. Qf3 Nd7
15. Rad1 Nb6 16. Bd3 Nd5 17. Be5 b5 18. Nd2 Bxd3 19. Qxd3 Ra7 20. Qg3 Nf6 21.
Ne4 g6 22. Qf3 Nxe4 23. Rxe4 Qd5 24. Rde1 f5 25. R4e3 Qxf3 26. Rxf3 Kf7 27.
Rfe3 Re8 28. Kf1 a4 29. Ke2 h5 30. Kd3 Rd7 31. h3 Bg5 1/2-1/2

[Event "X Festival Sant'Anna A"]
[Site "Pisignano - Vernole ITA"]
[Date "2007.08.09"]
[Round "4"]
[White "Piscopo, Pierluigi"]
[Black "Strippoli, Michele"]
[Result "1-0"]
[WhiteElo "2392"]
[BlackElo "1911"]
[PlyCount "109"]
[EventDate "2007.08.07"]

1. e4 d5 2. exd5 Qxd5 3. Nc3 Qd6 4. d4 Nf6 5. Nf3 a6 6. Bd3 Bg4 7. Ne4 Nxe4 8.
Bxe4 Nc6 9. O-O O-O-O 10. c3 e5 11. Qb3 Bxf3 12. Bxf3 exd4 13. cxd4 Be7 14. Be3
Qb4 15. Bxc6 Qxb3 16. axb3 bxc6 17. Rxa6 Kb7 18. Rfa1 Ra8 19. R6a4 Bd6 20. g3
Rab8 21. Rc1 Kc8 22. Rxc6 Rxb3 23. Ra8+ Rb8 24. Rxb8+ Kxb8 25. Ra6 Kb7 26. Ra5
Ra8 27. Rh5 Rh8 28. g4 Kc6 29. d5+ Kb5 30. Bd4 f6 31. g5 Kc4 32. Bc3 Be7 33.
gxf6 Bxf6 34. Bxf6 gxf6 35. Kg2 Rb8 36. Rxh7 Kxd5 37. Rxc7 Rxb2 38. Re7 Kd6 39.
Re1 Rb5 40. h4 Rb8 41. Kf3 Rb4 42. Kg3 Rb8 43. Kg4 Rg8+ 44. Kf5 Rh8 45. Re4 Kd7
46. Kg6 f5 47. Ra4 Ke6 48. Ra6+ Ke7 49. h5 Rg8+ 50. Kh7 Rg5 51. h6 Kf7 52. Ra7+
Kf8 53. Rg7 Rh5 54. Kg6 Rh2 55. h7 1-0

[Event "X Festival Sant'Anna A"]
[Site "Pisignano - Vernole ITA"]
[Date "2007.08.09"]
[Round "4"]
[White "Quarta, Rocco"]
[Black "Caggiano, Carmine"]
[Result "1-0"]
[WhiteElo "2061"]
[BlackElo "1874"]
[PlyCount "113"]
[EventDate "2007.08.07"]

1. d4 d5 2. c4 e6 3. Nf3 Nf6 4. Bg5 c6 5. Nc3 Nbd7 6. e3 Qa5 7. Nd2 Bb4 8. Qc2
O-O 9. Nb3 Qa4 10. f3 Re8 11. Bd3 h6 12. Bxf6 Nxf6 13. O-O Bxc3 14. Qxc3 b6 15.
e4 Ba6 16. c5 Bxd3 17. Qxd3 e5 18. exd5 Nxd5 19. Rfd1 b5 20. Re1 Nb4 21. Qc3
exd4 22. Nxd4 Rxe1+ 23. Qxe1 Rd8 24. b3 Qa3 25. Qd2 a5 26. Nxb5 Rxd2 27. Nxa3
Nc2 28. Nc4 Rd5 29. Rc1 Nb4 30. Nxa5 Nxa2 31. Nxc6 Rd3 32. Rc2 Nc3 33. b4 Nb5
34. Ne5 Rb3 35. c6 Rxb4 36. c7 Nxc7 37. Rxc7 f6 38. Nc6 Rb1+ 39. Kf2 Rb2+ 40.
Kg3 Rb5 41. h4 g5 42. h5 f5 43. Ne7+ Kf8 44. Ng6+ Kg8 45. Rc8+ Kg7 46. Rc7+ Kg8
47. Re7 Rb2 48. Re5 f4+ 49. Kh3 Ra2 50. Re4 Ra5 51. Kg4 Ra2 52. Kf5 Ra6 53. Re6
Ra5+ 54. Kf6 Ra8 55. Ne5 Ra2 56. Kg6 Kf8 57. Nd7+ 1-0

[Event "X Festival Sant'Anna A"]
[Site "Pisignano - Vernole ITA"]
[Date "2007.08.09"]
[Round "4"]
[White "Rizzo, Giovanbattista"]
[Black "Tocchioni, Doriano"]
[Result "0-1"]
[WhiteElo "2112"]
[BlackElo "2261"]
[PlyCount "127"]
[EventDate "2007.08.07"]

1. d4 Nf6 2. c4 e6 3. Nc3 Bb4 4. a3 Bxc3+ 5. bxc3 b6 6. f3 Nc6 7. e4 Ba6 8. e5
Ng8 9. Nh3 Na5 10. Qa4 Ne7 11. Ng5 h6 12. Ne4 O-O 13. Bf4 Ng6 14. Bg3 f5 15.
exf6 gxf6 16. Bd3 f5 17. Nd2 Qg5 18. O-O-O Rf7 19. Kc2 d5 20. Rhe1 Re7 21. Be5
Rc8 22. g3 Nxe5 23. Rxe5 c5 24. cxd5 Bxd3+ 25. Kxd3 exd5 26. f4 Qf6 27. Rde1
Rxe5 28. Rxe5 Nc6 29. Re2 cxd4 30. cxd4 b5 31. Qxb5 Qxd4+ 32. Kc2 a6 33. Re8+
Rxe8 34. Qxc6 Kf7 35. Qd7+ Re7 36. Qxf5+ Kg7 37. Qg4+ Kf7 38. Qf5+ Kg7 39. Qg4+
Kf6 40. Qh4+ Kf7 41. Qh5+ Ke6 42. Qh3+ Kd6 43. Qxh6+ Kc7 44. Qxa6 Qc5+ 45. Kb2
Re3 46. Nb1 d4 47. Qf1 Qb6+ 48. Kc1 Rb3 49. Qc4+ Kd6 50. Nd2 Rxa3 51. Ne4+ Ke7
52. Qc5+ Qxc5+ 53. Nxc5 Rc3+ 54. Kd2 Rxc5 55. Kd3 Rc1 56. Kxd4 Rh1 57. Ke5 Rxh2
58. g4 Kf7 59. Kf5 Rf2 60. Kg5 Ke6 61. f5+ Kf7 62. Kh6 Kf6 63. Kh7 Rh2+ 64. Kg8
0-1

[Event "X Festival Sant'Anna A"]
[Site "Pisignano - Vernole ITA"]
[Date "2007.08.09"]
[Round "4"]
[White "Sansonetti, Giorgio"]
[Black "Dappiano, Andrea"]
[Result "1-0"]
[WhiteElo "2109"]
[BlackElo "1914"]
[PlyCount "79"]
[EventDate "2007.08.07"]

1. Nc3 d5 2. d4 Nf6 3. Bg5 Bf5 4. e3 e6 5. Bd3 Bxd3 6. Qxd3 c6 7. Nf3 Nbd7 8.
O-O Be7 9. Rfe1 O-O 10. Rad1 Rc8 11. Bxf6 Nxf6 12. e4 dxe4 13. Nxe4 Qb6 14. b3
Rfd8 15. c4 h6 16. h3 Nxe4 17. Qxe4 Bb4 18. Re3 Qa5 19. Ne5 Qxa2 20. Nxf7 Rf8
21. Nxh6+ Kh8 22. Ng4 Rce8 23. Qe5 Rf5 24. Qg3 Qc2 25. Rf1 b5 26. c5 a5 27. Qc7
a4 28. Qxc6 Rb8 29. bxa4 bxa4 30. Rxe6 a3 31. Ne3 Qd3 32. Nxf5 Qxf5 33. Re8+
Rxe8 34. Qxe8+ Kh7 35. Qa4 Bc3 36. Qxa3 Bxd4 37. c6 Be5 38. Qf3 Qg6 39. Rd1 Qe6
40. Qh5+ 1-0

[Event "X Festival Sant'Anna A"]
[Site "Pisignano - Vernole ITA"]
[Date "2007.08.09"]
[Round "4"]
[White "Sernagiotto, Mirko Virgilio"]
[Black "Altini, Nicola"]
[Result "1-0"]
[WhiteElo "2128"]
[BlackElo "1939"]
[PlyCount "129"]
[EventDate "2007.08.07"]

1. Nf3 Nf6 2. g3 g6 3. Bg2 Bg7 4. d4 d5 5. c3 O-O 6. O-O c6 7. Nbd2 Bf5 8. b3
Qc8 9. Ba3 Re8 10. Re1 Ne4 11. Rc1 c5 12. Nxe4 dxe4 13. Nd2 cxd4 14. cxd4 Qe6
15. e3 Qa6 16. Bc5 Nc6 17. a4 Rad8 18. Bf1 Qa5 19. b4 Qc7 20. b5 Nb8 21. Bxa7
Qd7 22. Qc2 e5 23. Nb3 exd4 24. Nxd4 Rc8 25. Qb3 Bg4 26. Rc2 h5 27. Rec1 Be5
28. h4 g5 29. hxg5 h4 30. Rxc8 Rxc8 31. Rxc8+ Qxc8 32. g6 Be6 33. Nxe6 fxe6 34.
Bc4 Kg7 35. Bd4 Bxd4 36. exd4 hxg3 37. Qxg3 Qxc4 38. Qe5+ Kxg6 39. Qxe4+ Kf6
40. Qe5+ Kg6 41. Qxb8 Qxd4 42. Qg8+ Kf5 43. Qf7+ Ke5 44. Qg7+ Ke4 45. Qxb7+ Kf4
46. Qf7+ Kg5 47. Qg8+ Kh4 48. Qh7+ Kg4 49. Qg6+ Kh4 50. Qg3+ Kh5 51. Qh3+ Kg6
52. Qxe6+ Kh5 53. Qh3+ Kg6 54. Qb3 Kh5 55. Kg2 Qg7+ 56. Qg3 Qa7 57. Qh3+ Kg6
58. Qg3+ Kh5 59. f4 Kh6 60. Qg5+ Kh7 61. Qf5+ Kh8 62. Qe5+ Kh7 63. Kf3 Kh6 64.
f5 Qxa4 65. Qf4+ 1-0

[Event "X Festival Sant'Anna A"]
[Site "Pisignano - Vernole ITA"]
[Date "2007.08.09"]
[Round "4"]
[White "Sirena, Gianni"]
[Black "Bozzali, Ermanno"]
[Result "0-1"]
[WhiteElo "1806"]
[BlackElo "2116"]
[PlyCount "68"]
[EventDate "2007.08.07"]

1. e4 c5 2. Nf3 d6 3. d4 cxd4 4. Nxd4 Nf6 5. Nc3 a6 6. Be2 e5 7. Nb3 Be7 8. Be3
O-O 9. O-O Be6 10. a4 Nbd7 11. Kh1 Qc7 12. Qd3 Nb6 13. Rad1 Rac8 14. f4 Nc4 15.
Bc1 exf4 16. Rxf4 Ne5 17. Qd4 Nfd7 18. Qg1 Bg5 19. Rff1 Bxc1 20. Rxc1 Nb6 21.
Nd4 Nbc4 22. Nxe6 fxe6 23. Rxf8+ Rxf8 24. Rb1 Nxb2 25. Rxb2 Qxc3 26. Rxb7 Qxc2
27. Bxa6 Qxa4 28. Rb6 Ng4 29. Qb1 Nf2+ 30. Kg1 Nxe4 31. Rb4 Qxa6 32. Rxe4 Qa7+
33. Kh1 Qf2 34. h3 Qf1+ 0-1

[Event "X Festival Sant'Anna A"]
[Site "Pisignano - Vernole ITA"]
[Date "2007.08.10"]
[Round "5"]
[White "Altini, Nicola"]
[Black "Altini, Daniele"]
[Result "1/2-1/2"]
[WhiteElo "1939"]
[BlackElo "2281"]
[PlyCount "20"]
[EventDate "2007.08.07"]

1. e4 e5 2. Nf3 d6 3. d4 exd4 4. Nxd4 Nf6 5. Nc3 Be7 6. Bc4 O-O 7. O-O Nc6 8.
Nxc6 bxc6 9. f4 Nd7 10. Be3 Bf6 1/2-1/2

[Event "X Festival Sant'Anna A"]
[Site "Pisignano - Vernole ITA"]
[Date "2007.08.10"]
[Round "5"]
[White "Bernabei, Alberto"]
[Black "Tocchioni, Doriano"]
[Result "1/2-1/2"]
[WhiteElo "1998"]
[BlackElo "2261"]
[PlyCount "121"]
[EventDate "2007.08.07"]

1. Nf3 b6 2. g3 Bb7 3. Bg2 e6 4. d3 f5 5. O-O Nf6 6. e4 fxe4 7. Ng5 Qc8 8. Nxe4
Be7 9. Nbc3 O-O 10. Qe2 Nc6 11. Nxf6+ Bxf6 12. Ne4 Nd4 13. Qd1 Be7 14. c3 Nf5
15. Re1 Bc6 16. d4 Qb7 17. b4 b5 18. Bb2 a5 19. a3 Rf7 20. Qe2 Raf8 21. f4 Qb6
22. Nc5 Bxc5 23. dxc5 Qb7 24. Bxc6 Qxc6 25. Qe4 Qd5 26. Qxd5 exd5 27. Re5 c6
28. a4 axb4 29. axb5 bxc3 30. Bxc3 d4 31. Bb2 cxb5 32. Rd1 g5 33. g4 Ng7 34. f5
h5 35. h3 hxg4 36. hxg4 Ne8 37. f6 Nxf6 38. Rxg5+ Rg7 39. Rxg7+ Kxg7 40. Rxd4
Kg6 41. Rd6 Kg5 42. Bxf6+ Rxf6 43. Rxd7 Rc6 44. Rd5+ Kxg4 45. Kf2 Kf4 46. Ke2
Ke4 47. Rh5 Kd4 48. Kd2 Kc4 49. Kc2 Kb4 50. Kb2 Rg6 51. Rf5 Rg2+ 52. Kb1 Rg4
53. Kb2 Rc4 54. Rg5 Ka4 55. Rf5 b4 56. Rg5 b3 57. Rg2 Kb4 58. c6 Rxc6 59. Rg4+
Rc4 60. Rxc4+ Kxc4 61. Kb1 1/2-1/2

[Event "X Festival Sant'Anna A"]
[Site "Pisignano - Vernole ITA"]
[Date "2007.08.10"]
[Round "5"]
[White "Bozzali, Ermanno"]
[Black "Bitossi, Massimo"]
[Result "1-0"]
[WhiteElo "2116"]
[BlackElo "1892"]
[PlyCount "71"]
[EventDate "2007.08.07"]

1. Nf3 Nf6 2. d4 c5 3. d5 e6 4. Nc3 exd5 5. Nxd5 Nxd5 6. Qxd5 d6 7. e4 Nc6 8.
Bc4 Be6 9. Qd3 Be7 10. Bf4 O-O 11. O-O d5 12. exd5 Nb4 13. Qb3 Bxd5 14. Rad1
Bxc4 15. Qxc4 Qc8 16. Rfe1 Bf6 17. c3 Na6 18. Bd6 Rd8 19. Ne5 Bxe5 20. Rxe5 Qc6
21. Re7 Rf8 22. Qd5 Qxd5 23. Rxd5 Rfe8 24. Kf1 Rxe7 25. Bxe7 b6 26. Rd7 h6 27.
b4 cxb4 28. cxb4 Rc8 29. Rxa7 Rc1+ 30. Ke2 Rc2+ 31. Kd1 Rxa2 32. b5 Nb4 33.
Rxa2 Nxa2 34. Kc2 f6 35. Kb2 Kf7 36. Ba3 1-0

[Event "X Festival Sant'Anna A"]
[Site "Pisignano - Vernole ITA"]
[Date "2007.08.10"]
[Round "5"]
[White "Bruno, Fabio"]
[Black "De Giorgi, Stefano"]
[Result "1/2-1/2"]
[WhiteElo "2443"]
[BlackElo "2086"]
[PlyCount "105"]
[EventDate "2007.08.07"]

1. d4 Nf6 2. Nf3 g6 3. Bg5 Bg7 4. c3 h6 5. Bh4 d6 6. Nbd2 Bf5 7. Qb3 Qc8 8. h3
g5 9. Bg3 c6 10. e3 Nbd7 11. a4 b6 12. Bc4 O-O 13. O-O Nh5 14. Bh2 Nhf6 15.
Rfe1 d5 16. Bf1 Bg6 17. c4 Qb7 18. cxd5 cxd5 19. Qb4 Rfe8 20. a5 Rac8 21. Rec1
Bf8 22. Qb5 Rxc1 23. Rxc1 Rc8 24. a6 Qa8 25. Rc3 Rxc3 26. bxc3 Qc8 27. c4 e6
28. Ne5 Nxe5 29. Bxe5 Nd7 30. cxd5 Nxe5 31. dxe5 exd5 32. Qxd5 Qc5 33. Qb7 Qc1
34. Ne4 Bg7 35. Qd5 Qb1 36. Nd2 Qd1 37. f4 gxf4 38. exf4 Bf8 39. Qd8 Kg7 40. f5
Bc5+ 41. Kh2 Bxf5 42. Qf6+ Kg8 43. Qxf5 Qxd2 44. Bc4 Qf2 45. Qg6+ Kf8 46. Qxh6+
Ke7 47. Qg5+ Kf8 48. Qd8+ Kg7 49. Qd5 Be3 50. Qd3 Qg1+ 51. Kg3 Qf2+ 52. Kh2
Qg1+ 53. Kg3 1/2-1/2

[Event "X Festival Sant'Anna A"]
[Site "Pisignano - Vernole ITA"]
[Date "2007.08.10"]
[Round "5"]
[White "Dappiano, Andrea"]
[Black "De Leon Cultri Fascetti, Angelo"]
[Result "0-1"]
[WhiteElo "1914"]
[BlackElo "2010"]
[PlyCount "56"]
[EventDate "2007.08.07"]

1. c4 Nf6 2. Nc3 g6 3. e4 d6 4. g3 Bg7 5. Bg2 O-O 6. Nge2 c6 7. O-O e5 8. d3
Nbd7 9. h3 Ne8 10. Rb1 f5 11. b4 f4 12. gxf4 exf4 13. Bxf4 Bxc3 14. Bxd6 Nxd6
15. Nxc3 Qg5 16. Qc1 Qxc1 17. Rbxc1 g5 18. c5 Ne8 19. d4 Nc7 20. d5 Ne5 21. h4
gxh4 22. Rcd1 Nf3+ 23. Bxf3 Rxf3 24. Ne2 Bh3 25. Rfe1 Kf7 26. Nd4 Rg8+ 27. Kh1
Bg2+ 28. Kg1 Rh3 0-1

[Event "X Festival Sant'Anna A"]
[Site "Pisignano - Vernole ITA"]
[Date "2007.08.10"]
[Round "5"]
[White "Del Giudice, Stefano"]
[Black "Dell'Anna, Michele"]
[Result "1/2-1/2"]
[WhiteElo "2030"]
[BlackElo "1858"]
[PlyCount "209"]
[EventDate "2007.08.07"]

1. c4 e5 2. Nc3 Nf6 3. g3 c6 4. Bg2 Be7 5. e4 O-O 6. Nge2 Na6 7. O-O d6 8. d3
Be6 9. f4 Ng4 10. f5 Bd7 11. Bh3 Nf6 12. g4 Ne8 13. Be3 Bg5 14. Qd2 h6 15. Bxg5
Qxg5 16. Qxg5 hxg5 17. Ng3 f6 18. a3 Nc5 19. Rad1 Nb3 20. Nge2 c5 21. Nc1 Nxc1
22. Rxc1 Nc7 23. b4 Kf7 24. Bg2 b6 25. Rf2 Na6 26. Rb2 Nc7 27. Ra1 Rfd8 28. Kf2
Ke7 29. Kg3 Kf7 30. b5 Ke7 31. Rh1 Rh8 32. h3 Kf7 33. Bf1 Ke7 34. Rbh2 Rh4 35.
Nb1 a6 36. bxa6 Rxa6 37. Rb2 Na8 38. Rb3 Kd8 39. Nc3 Bc6 40. Rh2 Kd7 41. Ra2
Rh8 42. Rh2 Rh4 43. Nb1 Nc7 44. Rhb2 Na8 45. Nc3 Rh8 46. Rh2 Rh4 47. Ra2 Nc7
48. a4 Rh8 49. Rba3 Rha8 50. h4 gxh4+ 51. Kxh4 Ke7 52. Rb2 Rh8+ 53. Kg3 Na8 54.
Rh2 Rxh2 55. Kxh2 Kf7 56. Be2 g5 57. Bd1 Nc7 58. Bb3 Kg7 59. Nb5 Nxb5 60. cxb5
Bxb5 61. Bc4 Rxa4 62. Rc3 Bxc4 63. dxc4 Ra2+ 64. Kg3 Rd2 65. Rb3 Rd4 66. Rxb6
Rxe4 67. Rxd6 Rxc4 68. Kf3 Rf4+ 69. Kg3 Rd4 70. Rc6 c4 71. Kf3 Kf7 72. Rc7+ Ke8
73. Rc6 Ke7 74. Re6+ Kf7 75. Rc6 Rf4+ 76. Kg3 Ke7 77. Re6+ Kd7 78. Rxf6 c3 79.
Rh6 c2 80. Rh1 Rc4 81. Rc1 Kd6 82. Kf3 e4+ 83. Ke3 Ke5 84. Kd2 e3+ 85. Kxe3
Rxg4 86. Rxc2 Kxf5 87. Rc5+ Kg6 88. Kf3 Rb4 89. Rc3 Kh5 90. Rc1 Rb3+ 91. Kg2
Kh4 92. Rc4+ g4 93. Rc2 Rg3+ 94. Kh2 Re3 95. Kg2 Rf3 96. Re2 Rd3 97. Rc2 Rd4
98. Re2 Rf4 99. Rc2 g3 100. Ra2 Kg4 101. Rc2 Rb4 102. Ra2 Kf4 103. Rc2 Re4 104.
Ra2 Rd4 105. Re2 1/2-1/2

[Event "X Festival Sant'Anna A"]
[Site "Pisignano - Vernole ITA"]
[Date "2007.08.10"]
[Round "5"]
[White "Della Rocca, Luigi"]
[Black "Caggiano, Carmine"]
[Result "0-1"]
[WhiteElo "1832"]
[BlackElo "1874"]
[PlyCount "54"]
[EventDate "2007.08.07"]

1. e4 e6 2. d4 d5 3. Nd2 Nf6 4. e5 Nfd7 5. Ne2 c5 6. c3 Nc6 7. g3 Qb6 8. Nb3 a5
9. a4 cxd4 10. Nexd4 Ndxe5 11. Nb5 Be7 12. h4 O-O 13. h5 Nc4 14. g4 e5 15. Qxd5
Be6 16. Qe4 Nd6 17. Nxd6 Bxd6 18. Nd2 f5 19. gxf5 Bxf5 20. Qd5+ Kh8 21. Qxd6
Rad8 22. Qa3 Bc2 23. Rh2 e4 24. Nc4 Rd1+ 25. Ke2 Qd8 26. Rh3 Qf6 27. Be3 Qf3+
0-1

[Event "X Festival Sant'Anna A"]
[Site "Pisignano - Vernole ITA"]
[Date "2007.08.10"]
[Round "5"]
[White "Dragojlovic, Andjelko"]
[Black "Pace, Colin"]
[Result "1-0"]
[WhiteElo "2432"]
[BlackElo "2153"]
[PlyCount "165"]
[EventDate "2007.08.07"]

1. e4 c5 2. Nf3 g6 3. d4 Bg7 4. dxc5 Qa5+ 5. c3 Qxc5 6. Bd3 Nf6 7. Na3 O-O 8.
O-O d6 9. h3 b6 10. Be3 Qc7 11. Nb5 Qb7 12. Re1 Nc6 13. Qd2 Rd8 14. c4 Ne5 15.
Nxe5 dxe5 16. Qc2 Bd7 17. Nc3 Bc6 18. f3 Ne8 19. Nd5 Rac8 20. Qe2 e6 21. Nc3
Rc7 22. b4 Qc8 23. a3 Nd6 24. Rac1 Be8 25. Nd1 Nb5 26. Nb2 Nd4 27. Qf2 Bf8 28.
Bg5 Be7 29. Qh4 Qd7 30. Bxe7 Qxe7 31. Qxe7 Rxe7 32. Rc3 Rc7 33. Rec1 Rdc8 34.
c5 Bb5 35. Kf2 bxc5 36. a4 Bd7 37. Ba6 Rb8 38. b5 Bc8 39. Bxc8 Rbxc8 40. Nd3 c4
41. Nxe5 Nb3 42. R1c2 Na5 43. Nc6 Nxc6 44. Rxc4 Kf8 45. e5 Ke7 46. bxc6 f6 47.
f4 Rb8 48. Ke3 Rb1 49. h4 Rb3+ 50. R2c3 Rb1 51. g3 Rb6 52. Kf3 Rb1 53. h5 gxh5
54. exf6+ Kxf6 55. Rc5 Rb6 56. a5 Ra6 57. Ke4 Ke7 58. Ke5 h6 59. Rc2 Rc8 60.
Rb2 Rcxc6 61. Rb7+ Kd8 62. Rxc6 Rxc6 63. Rxa7 Kc8 64. a6 Kb8 65. Re7 Rxa6 66.
Rxe6 Ra3 67. Rxh6 Rxg3 68. Rxh5 Kc7 69. Kf6 Kd7 70. Re5 Ra3 71. f5 Ra6+ 72. Kf7
Ra8 73. Rd5+ Kc6 74. Rd1 Ra7+ 75. Kg6 Ra2 76. f6 Rg2+ 77. Kh7 Rf2 78. Kg7 Rg2+
79. Kf8 Rf2 80. f7 Rg2 81. Rd4 Kc5 82. Rd7 Kc6 83. Ke8 1-0

[Event "X Festival Sant'Anna A"]
[Site "Pisignano - Vernole ITA"]
[Date "2007.08.10"]
[Round "5"]
[White "Fasiello, Andrea"]
[Black "Rizzo, Giovanbattista"]
[Result "0-1"]
[WhiteElo "1906"]
[BlackElo "2112"]
[PlyCount "52"]
[EventDate "2007.08.07"]

1. e4 Nf6 2. Nc3 d6 3. d4 g6 4. Nf3 Bg7 5. Bd3 Bg4 6. h3 Bxf3 7. Qxf3 Nc6 8.
Be3 O-O 9. O-O Nd7 10. Ne2 e5 11. c3 exd4 12. cxd4 Nde5 13. dxe5 Nxe5 14. Qg3
Nxd3 15. Bg5 f6 16. Qxd3 fxg5 17. Qd5+ Kh8 18. Qxb7 g4 19. hxg4 Rb8 20. Qxa7
Rxb2 21. Qe3 Qh4 22. g5 Be5 23. g3 Qg4 24. f3 Rxe2 25. Qxe2 Bd4+ 26. Rf2 Qxg3+
0-1

[Event "X Festival Sant'Anna A"]
[Site "Pisignano - Vernole ITA"]
[Date "2007.08.10"]
[Round "5"]
[White "Fiorentino, Maria Cristina"]
[Black "Limongelli, Sergio"]
[Result "1-0"]
[WhiteElo "1666"]
[BlackElo "1982"]
[PlyCount "95"]
[EventDate "2007.08.07"]

1. d4 Nf6 2. Nf3 g6 3. Nbd2 d5 4. g3 Bg7 5. Bg2 O-O 6. O-O c6 7. Re1 Nbd7 8. e4
dxe4 9. Nxe4 Nxe4 10. Rxe4 Nf6 11. Re1 Bf5 12. h3 Re8 13. c3 Qb6 14. Ne5 Be6
15. Qe2 Bd5 16. a4 Bxg2 17. Kxg2 Rad8 18. a5 Qc7 19. a6 c5 20. dxc5 Nd5 21.
axb7 Qxb7 22. Kg1 Qc8 23. Rxa7 Qxc5 24. Be3 Qc8 25. Ng4 Qb8 26. Ra5 Nxe3 27.
Nxe3 Qb7 28. Qb5 Qf3 29. Qe2 Qc6 30. Rd1 Rb8 31. Nd5 e6 32. Nb4 Qb7 33. Rda1
Bf8 34. Ra7 Qb6 35. R1a6 Qc5 36. Nd3 Qf5 37. g4 Qg5 38. Ra5 Qh4 39. Qf3 f5 40.
Kg2 fxg4 41. hxg4 Be7 42. Qg3 Qf6 43. Qe5 Qf8 44. Qxe6+ Kh8 45. R5a6 Bc5 46.
Rxh7+ Kxh7 47. Qxg6+ Kh8 48. Qh5+ 1-0

[Event "X Festival Sant'Anna A"]
[Site "Pisignano - Vernole ITA"]
[Date "2007.08.10"]
[Round "5"]
[White "Gissi, Gilberto"]
[Black "Elia, Alessio"]
[Result "1-0"]
[WhiteElo "2085"]
[BlackElo "1895"]
[PlyCount "69"]
[EventDate "2007.08.07"]

1. e4 d6 2. d4 Nf6 3. Nc3 g6 4. Bg5 Bg7 5. f4 h6 6. Bh4 c6 7. Qd2 Nbd7 8. e5
dxe5 9. dxe5 Nh7 10. O-O-O Qc7 11. Nf3 Nb6 12. Bd3 Be6 13. Nd4 Bc4 14. Bxc4
Nxc4 15. Qd3 Nb6 16. Ne6 fxe6 17. Qxg6+ Kf8 18. Qxe6 Rd8 19. Ne4 Rd5 20. Qf5+
Kg8 21. Nc3 Rd8 22. Rxd8+ Qxd8 23. Rd1 Qf8 24. Qe6+ Qf7 25. Rd8+ Bf8 26. Qxh6
Nc4 27. Bf2 Qg7 28. Qe6+ Qf7 29. Qg4+ Qg7 30. Qe2 Nb6 31. Rd3 Kf7 32. Qh5+ Qg6
33. e6+ Kg7 34. Rg3 Ng5 35. Bd4+ 1-0

[Event "X Festival Sant'Anna A"]
[Site "Pisignano - Vernole ITA"]
[Date "2007.08.10"]
[Round "5"]
[White "Guccione, Daniele"]
[Black "Quarta, Rocco"]
[Result "1-0"]
[WhiteElo "1879"]
[BlackElo "2061"]
[PlyCount "51"]
[EventDate "2007.08.07"]

1. e4 d6 2. d4 g6 3. Nc3 Bg7 4. Bg5 Nf6 5. f4 Ng4 6. Qd2 f6 7. Bh4 e5 8. dxe5
dxe5 9. Qxd8+ Kxd8 10. O-O-O+ Nd7 11. Nf3 Ne3 12. Rd3 exf4 13. e5 Ke7 14. Rxe3
fxe3 15. Nd5+ Kf8 16. Nxc7 Rb8 17. e6 Nb6 18. Bg3 Ke7 19. Nd4 Bh6 20. Kb1 Rd8
21. c3 f5 22. Be5 f4 23. Be2 g5 24. Nf5+ Kf8 25. e7+ Kf7 26. Bh5+ 1-0